<?xml version="1.0" encoding="UTF-8"?><?xml-stylesheet type="text/xsl" href="static/style.xsl"?><OAI-PMH xmlns="http://www.openarchives.org/OAI/2.0/" xmlns:xsi="http://www.w3.org/2001/XMLSchema-instance" xsi:schemaLocation="http://www.openarchives.org/OAI/2.0/ http://www.openarchives.org/OAI/2.0/OAI-PMH.xsd"><responseDate>2026-06-04T05:55:51Z</responseDate><request verb="GetRecord" identifier="oai:riuma.uma.es:10630/12882" metadataPrefix="marc">https://riuma.uma.es/rest/oai/request</request><GetRecord><record><header><identifier>oai:riuma.uma.es:10630/12882</identifier><datestamp>2026-02-03T12:18:20Z</datestamp><setSpec>com_10630_2254</setSpec><setSpec>col_10630_37959</setSpec></header><metadata><record xmlns="http://www.loc.gov/MARC21/slim" xmlns:dcterms="http://purl.org/dc/terms/" xmlns:doc="http://www.lyncode.com/xoai" xmlns:xsi="http://www.w3.org/2001/XMLSchema-instance" xsi:schemaLocation="http://www.loc.gov/MARC21/slim http://www.loc.gov/standards/marcxml/schema/MARC21slim.xsd">
   <leader>00925njm 22002777a 4500</leader>
   <datafield ind2=" " ind1=" " tag="042">
      <subfield code="a">dc</subfield>
   </datafield>
   <datafield ind2=" " ind1=" " tag="720">
      <subfield code="a">López-Barroso, Diana</subfield>
      <subfield code="e">author</subfield>
   </datafield>
   <datafield ind2=" " ind1=" " tag="720">
      <subfield code="a">Thiebaut de Schotten, Michel</subfield>
      <subfield code="e">author</subfield>
   </datafield>
   <datafield ind2=" " ind1=" " tag="720">
      <subfield code="a">Morais, José</subfield>
      <subfield code="e">author</subfield>
   </datafield>
   <datafield ind2=" " ind1=" " tag="720">
      <subfield code="a">Kolinsky, Régine</subfield>
      <subfield code="e">author</subfield>
   </datafield>
   <datafield ind2=" " ind1=" " tag="720">
      <subfield code="a">Braga, Lucía W.</subfield>
      <subfield code="e">author</subfield>
   </datafield>
   <datafield ind2=" " ind1=" " tag="720">
      <subfield code="a">Guerreiro-Tauil, Alexandre</subfield>
      <subfield code="e">author</subfield>
   </datafield>
   <datafield ind2=" " ind1=" " tag="720">
      <subfield code="a">Dehaene, Stanislas</subfield>
      <subfield code="e">author</subfield>
   </datafield>
   <datafield ind2=" " ind1=" " tag="720">
      <subfield code="a">Cohen, Laurent</subfield>
      <subfield code="e">author</subfield>
   </datafield>
   <datafield ind2=" " ind1=" " tag="260">
      <subfield code="c">2017-02-03</subfield>
   </datafield>
   <datafield ind2=" " ind1=" " tag="520">
      <subfield code="a">Introduction: Learning to read leads to functional and structural changes in the cortical regions related to&#xd;
vision and language. The visual word-form area (VWFA) is though to play a key role in the interaction between&#xd;
these two systems (Dehaene et al. 2015). For instance, the VWFA is activated not only from bottom-up during&#xd;
reading but also in a top-down manner during speech listening without visual stimulation (Dehaene et al. 2010).&#xd;
The objective of this study was twofolded: how literacy acquisition affects four intrinsic functional connectivity&#xd;
networks related to vision and language (a dorsal language [DLN], a bilateral auditory [AN], a low-level&#xd;
[LLVN] and a high-level visual [HLVN] networks); and to explore the role of the VWFA as an interface between&#xd;
high-level vision and language functions.&#xd;
Methods: Independent component analysis (ICA) was applied to functional magnetic resonance imaging data&#xd;
from 40 adult participants with variable levels of literacy (illiterate, late literate and early literate). The four&#xd;
functional connectivity networks were compared across groups using dual-regression (Filippini et al. 2009). In&#xd;
addition, we directly explored the functional connectivity between the VWFA and each of the studied networks.&#xd;
Finally, the strengh of connectivity between the VWFA and each network was compared across groups and&#xd;
correlated with individual reading fluency scores.&#xd;
Results: ICA produced 40 networks, and spatial crosscorrelation was used to identify the four networks of&#xd;
interest. Literacy was positively correlated with increased connectivity within the four networks. A major&#xd;
difference separating early literate from illiterate and late literate subjects was found. The connectivity between&#xd;
the VWFA and the DLN increased with literacy. Conversely, the strength of connectivity between the VWFA and&#xd;
the HLVN correlated negatively with literacy. Finally, , the HLVN-VWFA connectivity was negatively correlated&#xd;
with reading scores while the connectivity between the DLN-VWFA was positively correlated with reading&#xd;
scores.&#xd;
Discussion:Literacy has a strong influence on the visual and language functional networks. Literacy modifies&#xd;
the VWFA connectivity, by making it functionally closer to the language system, and more distinct from other&#xd;
associative visual areas that do not contribute to the reading process. The current results suggest that early&#xd;
acquisition of literacy plays a critical role for the tuning of the functional brain architecture.&#xd;
References: -Dehaene S et al. Nat Rev Neurosci.(2015)16:234 244&#xd;
-Dehaene S et al. Science.(2010)330:1359–1364&#xd;
-Filippini N et al. PNAS.(2009)106, 7209–7214</subfield>
   </datafield>
   <datafield ind1="8" ind2=" " tag="024">
      <subfield code="a">http://hdl.handle.net/10630/12882</subfield>
   </datafield>
   <datafield ind2="0" ind1="0" tag="245">
      <subfield code="a">The impact of early and late literacy on the functional connectivity of vision and</subfield>
   </datafield>
</record>
</metadata></record></GetRecord></OAI-PMH>